| 000 | 01748nam a22003857a 4500 | ||
|---|---|---|---|
| 001 | 12688225 | ||
| 003 | OSt | ||
| 005 | 20210426115914.0 | ||
| 008 | 020227s2002 mdua b 001 0beng | ||
| 010 | _a 2002003252 | ||
| 020 | _a0801871247 (hardcover : alk. paper) | ||
| 035 | _a(DLC) 2002003252 | ||
| 035 | _a(DLC)4215 | ||
| 040 |
_aDLC _cDLC _dDLC |
||
| 042 | _apcc | ||
| 043 | _an-us--- | ||
| 050 | 0 | 0 |
_aLB875.F583 _bB66 2002 |
| 080 |
_a92 _bB-76 |
||
| 082 | 0 | 0 |
_a370/.92 _aB _221 |
| 100 | 1 | _aBonner, Thomas Neville. | |
| 245 | 1 | 0 |
_aIconoclast : _bAbraham Flexner and a life in learning / _cThomas Neville Bonner. |
| 260 |
_aBaltimore : _bJohns Hopkins University Press, _cc2002. |
||
| 300 |
_axvi, 376 p. : _bill. ; _c25 cm. |
||
| 504 | _aIncludes bibliographical references (p. 311-351) and index. | ||
| 505 | 0 | _a"Our children will justify us" -- A university like no other -- Mr. Flexner's school -- Breaking free -- A legend is born -- Master of the survey -- A secure berth, at last -- At the pinnacle -- A fall from Olympus -- Phoenix rising -- A last hurrah -- Final battles -- "I burn that I may be of use". | |
| 600 | 1 | 0 |
_aFlexner, Abraham, _d1866-1959. |
| 650 | 0 |
_aEducators _zUnited States _vBiography. |
|
| 653 | _aბიოგრაფია | ||
| 856 | 4 | 2 |
_3Contributor biographical information _uhttp://www.loc.gov/catdir/bios/jhu051/2002003252.html |
| 856 | 4 | 2 |
_3Publisher description _uhttp://www.loc.gov/catdir/description/jhu051/2002003252.html |
| 856 | 4 | 2 |
_3Book review (H-Net) _uhttp://www.h-net.org/review/hrev-a0d2k1-aa |
| 906 |
_a7 _bcbc _corignew _d1 _eecip _f20 _gy-gencatlg |
||
| 942 |
_2udc _cBK |
||
| 999 |
_c1176 _d1176 |
||